Self concept dimensions and determinaria. (Record no. 63887)
[ view plain ]
| 000 -LEADER | |
|---|---|
| fixed length control field | 00307nam a2200097 4500 |
| 082 ## - DEWEY DECIMAL CLASSIFICATION NUMBER | |
| Classification number | 155.23 |
| Item number | SAR |
| 100 ## - MAIN ENTRY--PERSONAL NAME | |
| Personal name | Saraswat, Raj Kumar. |
| 245 ## - TITLE STATEMENT | |
| Title | Self concept dimensions and determinaria. |
| Statement of responsibility, etc. | by Raj Kumar Saraswat. |
| 260 ## - PUBLICATION, DISTRIBUTION, ETC. | |
| Place of publication, distribution, etc. | New Delhi. |
| Name of publisher, distributor, etc. | Commonwealth Publishers. |
| Date of publication, distribution, etc. | 1989 |
| 300 ## - PHYSICAL DESCRIPTION | |
| Extent | [10],104p. : tables. ; 22cm. |
| Withdrawn status | Lost status | Damaged status | Not for loan | Collection code | Home library | Current library | Date acquired | Total Checkouts | Total Renewals | Full call number | Barcode | Date last seen | Date last checked out | Price effective from | Koha item type |
|---|---|---|---|---|---|---|---|---|---|---|---|---|---|---|---|
| North Eastern Hill University | North Eastern Hill University | 25/11/2011 | 4 | 3 | 155.23 SAR | 170560 | 16/05/2014 | 16/05/2014 | 25/11/2011 | Books |
